Lịch sử giáo dục thế giới

Đối tượng nghiên cứu của lịch sử giáo dục. Giáo dục trong xã hội nguyên thuỷ, dưới chế độ chiếm hữu nô lệ, trong xã hội phong kiến thời kỳ tư bản chủ nghĩa. Hệ thống giáo dục XHCN, ý nghĩa của cách mạng tháng Mười và lí luận giáo dục XHCN đối với lịch sử giáo dục thế giới...

Descrición completa

Gardado en:
Detalles Bibliográficos
Autor Principal: Hà Nhật Thăng
Outros autores: Đào Thanh Âm (Tác giả)
Formato: Libro
Idioma:Vietnamese
Publicado: H. Giáo dục 1997
Những chủ đề:
Các nhãn: Engadir etiqueta
Sen Etiquetas, Sexa o primeiro en etiquetar este rexistro!
Thư viện lưu trữ: Mạng thư viện Đại học Đà Nẵng
LEADER 01487nam a22003738a 4500
001 000015764
003 12147
005 20120604160644.0
008 120604s1997 b 000 0 od
020 |c 11700đ  |d 1000b 
041 0 |a 9807 
041 0 |a vie 
080 |a 371(09) 
082 |a 370.9  |b HA-T 
084 |a U33(0)  |b L000ị 
100 1 |a Hà Nhật Thăng 
245 1 0 |a Lịch sử giáo dục thế giới  |c Hà Nhật Thăng, Đào Thanh Âm 
260 |a H.  |b Giáo dục  |c 1997 
300 |a 308tr  |c 20cm 
520 |a Đối tượng nghiên cứu của lịch sử giáo dục. Giáo dục trong xã hội nguyên thuỷ, dưới chế độ chiếm hữu nô lệ, trong xã hội phong kiến thời kỳ tư bản chủ nghĩa. Hệ thống giáo dục XHCN, ý nghĩa của cách mạng tháng Mười và lí luận giáo dục XHCN đối với lịch sử giáo dục thế giới 
653 |a Lịch sử 
653 |a thế giới 
653 |a giáo dục 
700 1 |a Đào Thanh Âm  |e Tác giả 
OWN |a LSP 
AVA |a UDN50  |b LSP  |d 370.9 HA-T  |e available  |t Error 5001 Not defined in file expand_doc_bib_avail.  |f 1  |g 0  |h N  |i 0  |k 1 
999 |a From the UDN01 
AVA |a UDN50  |b LSP  |d 370.9 HA-T  |e available  |t Error 5001 Not defined in file expand_doc_bib_avail.  |f 1  |g 0  |h N  |i 0  |k 1 
TYP |a Monograph 
TYP |a Printed language 
980 |a Mạng thư viện Đại học Đà Nẵng